000 00396nam a2200157Ia 4500
008 230711s9999||||xx |||||||||||||| ||und||
020 _a978-81-261-3428-1
041 _aENG
082 _a582.1304
_bUP-G
100 _aUpadhyaya, R.C.
245 0 _aGenetics of Flowering Plants
260 _c2008
_aNew Delhi
_bAnmol Publication(P) Ltd.
300 _a272p.
650 _aAgriculture
942 _cBK
999 _c7562
_d7562